Представление документа в формате MARC21

Поле Инд. ПП Название Значение
Тип записи a
Библиографический уровень a
001 Контрольный номер AdmiBIBL00014487AdmiBIBL00014844
005 Дата корректировки 20180409143827.0
008 Кодируемые данные 070424
040 a Служба первич. каталог. НБ ТвГУ
041 a Код языка текста rus
098 b Факультет Филологический
c Кафедра общего и классического языкознания
100 1_ a Автор Ковтун А. В.
245 10 a Заглавие Некоторые проблемы исследования сакрального текста с точки зрения филолого-экзегетического подхода (к вопросу о возможности комплексного изучения библейского текста)
c Ответственность А. В. Ковтун
650 a Основная рубрика Текст (библейский)
x Основная подрубрика Анализ текста
650 a Основная рубрика Герменевтика
653 a Ключевые слова Библейские тексты
a Ключевые слова Религиозное сознание
a Ключевые слова Сакральные тексты
a Ключевые слова Труды Тверского государственного университета
a Ключевые слова Филолого-герменевтический анализ текста
a Ключевые слова Филолого-экзегетический анализ текста
773 w Контрольный № источника 52f4a862-9713-11db-b02a-008048b56a28
t Название источника Поэтика и лингвистика: материалы Междунар. науч. конф., посвящ. 100-летию со дня рождения Романа Робертовича Гельгардта, 16-19 окт. 2006 г., г. Тверь
d Место и дата издания Тверь : ТвГУ, 2006
g Прочая информация С. 27-29
k Обл. серии из связ. един. Литературный текст: проблемы и методы исследования ; Приложение
852 h Классифик. часть индекса Ш.я434
i Расстановочный признак П67
856 u URL http://texts.lib.tversu.ru/texts2/0000189t.pdf
x Примечание для ЭОР Реестр суммарного учета сетевых локальных документов
901 t Тип документа a
930 a Новая/Ретро полный текст
999 a Подразделение 2 ч.з.